| Tag |
First Indicator |
Second Indicator |
Subfields |
| LEADER |
00000cam a22000001a 4500 |
| 001 |
in00003312413 |
| 006 |
m d f |
| 007 |
cr bn mmmapmmp |
| 008 |
100513s1953 dcu o f000 0 eng d |
| 005 |
20260429175207.8 |
| 035 |
|
|
|a cis2007834705
|
| 040 |
|
|
|a LexisNexis
|c LexisNexis
|d UtOrBLW
|
| 043 |
|
|
|a n-us---
|
| 099 |
|
|
|a CMP-1953-VAH-0013
|
| 110 |
1 |
|
|a United States.
|b Congress.
|b House.
|b Committee on Veterans' Affairs.
|
| 245 |
1 |
0 |
|a Committee on Veterans Affairs, House of Representatives.
|
| 264 |
|
1 |
|a [Place of publication not identified] :
|b [publisher not identified],
|c 1953.
|
| 300 |
|
|
|a 1 online resource.
|
| 336 |
|
|
|a text
|b txt
|2 rdacontent
|
| 337 |
|
|
|a computer
|b c
|2 rdamedia
|
| 338 |
|
|
|a online resource
|b cr
|2 rdacarrier
|
| 500 |
|
|
|a Untitled Prints of Correspondence, 83d Congress, 1st Session.
|
| 500 |
|
|
|a Record is based on bibliographic data in LexisNexis U.S. Congressional Research Digital Collection (last viewed May 2010). Reuse except for individual research requires license from LexisNexis.
|
| 500 |
|
|
|a Print.
|
| 520 |
|
|
|a Veterans Administration report on H.R. 54, a bill identical to H.R. 1368, to authorize appointment of doctors of chiropractic in the Department of Medicine and Surgery; cites similar bills from earlier Congresses.
|
| 500 |
|
|
|a Electronic resource.
|
| 610 |
1 |
0 |
|a United States.
|b Veterans Administration.
|
| 650 |
|
0 |
|a Health facilities.
|
| 650 |
|
0 |
|a Chiropractic.
|
| 655 |
|
7 |
|a Electronic books.
|2 local
|
| 710 |
2 |
|
|a ProQuest (Firm)
|
| 776 |
0 |
8 |
|i Microfiche version:
|a United States. Congress. House. Committee on Veterans' Affairs.
|t Committee on Veterans Affairs, House of Representatives.
|o H7385
|
| 830 |
|
0 |
|a U.S. Congressional Research.
|
| 856 |
4 |
0 |
|u http://proxy.library.tamu.edu/login?url=https://congressional.proquest.com/congcomp/getdoc?CRDC-ID=CMP-1953-VAH-0013
|z Connect to the full text of this electronic book
|t 0
|
| 999 |
|
|
|a MARS
|
| 999 |
f |
f |
|s 761e760f-b663-32c1-8d64-321bb9349c45
|i 07d83284-c7da-3c7e-a7ba-4ded7b0696d8
|t 0
|
| 952 |
f |
f |
|a Texas A&M University
|b College Station
|c Electronic Resources
|s www_evans
|d Available Online
|t 0
|e CMP-1953-VAH-0013
|h Other scheme
|
| 998 |
f |
f |
|a CMP-1953-VAH-0013
|t 0
|l Available Online
|